000 01506cam a22003857a 4500
001 8577460
003 OSt
005 20211027160619.0
006 m d
007 cr n
008 100927s2011 nyua sb 001 0 eng d
020 _a9781441975942
035 _a(WaSeSS)ssj0000450223
038 _akhadija
040 _aBTCTA
_beng
_cBTCTA
_dYDXCP
_dCDX
_dBWX
_dCNCEN
_dDLC
_dWaSeSS
042 _alccopycat
050 4 _aTK7895.G36
_bB38 2011
082 0 4 _a621.395
_222
_bBAT
100 1 _aBattezzati, Niccolò.
_983496
210 1 0 _aReconfigurable field programmable gate arrays for mission-critical applications
245 1 0 _aReconfigurable field programmable gate arrays for mission-critical applications /
_cNiccolò Battezzati, Luca Sterpone, Massimo Violante
260 _aNew York :
_bSpringer,
_cc2011.
504 _aIncludes bibliographical references and index.
506 _aLicense restrictions may limit access.
563 _aHardcover
650 0 _aField programmable gate arrays
_xDesign and construction.
_918591
650 0 _aElectronic systems
_xSafety measures.
_983497
650 0 _aFault-tolerant computing.
_983498
700 1 _aSterpone, Luca.
_983499
700 1 _aViolante, Massimo.
_983500
773 0 _tSpringerLink ebooks - Engineering (2011)
856 4 0 _uhttp://www.columbia.edu/cgi-bin/cul/resolve?clio8577460
_zFull text available from SpringerLink ebooks - Engineering (2011)
910 _aLibrary of Congress record
942 _2ddc
_cBK
999 _c32970
_d32970